| 000 | 00807nam a22002057a 4500 | ||
|---|---|---|---|
| 999 |
_c6212 _d6212 |
||
| 003 | AR-CdUCM | ||
| 008 | 190314b ||||| |||| 00| 0 spa d | ||
| 040 |
_aMUNICIPALIDAD PROVINCIAL DEL CUSCO _cBIBLIOTECA MUNICIPAL DEL CUSCO |
||
| 082 |
_a108.985 / _bM39 |
||
| 100 |
_aMejía Huamán, Mario _917913 |
||
| 245 | _aHacia la Filosofía Andina / | ||
| 260 |
_aLima : _c2005. |
||
| 300 |
_a231 páginas ; _bfiguras, _c20 cm. |
||
| 505 | _aContenido: Pensamiento andino -- Propuesta de una Filosofía para el mundo andino -- Análisis de la concepción del mundo y la filosofía -- Crítica a la filosofía Andina -- Paralelo entre las raíces del pensamiento occidental y andino ... | ||
| 650 |
_aFilosofía _9395 |
||
| 650 |
_aAnidna _917914 |
||
| 650 |
_aPerú _935 |
||
| 942 |
_2ddc _cLIBROS |
||
| 945 | _aachl | ||